Doc. Ing. Jozef Konôpka, CSc.: Doterajší vývoj, súčasný stav a náčrt vízie lesníctva na Slovensku

Bibliographic Details
Other Authors: Kern, Jozef (Reviewer)
Format: Article
Language:Slovak
ISSN:1336-9237
Subjects:

MARC

LEADER 00000nab a2200000 a 4500
001 vtls008940138
003 SK-MaSNL
005 20260426090713.0
008 250526c2006 xo |||||||||||000 b|slo
015 |a SNBRB2007/01  |2 snkbucl 
035 |a (uuid)0c21f6b4-0d9a-4d9f-a338-3cc471a7c1f1 
035 |a urn:nbn:sk:snk-abz8y 
035 |a (urnnbn)urn:nbn:sk:snk:ar-005bn3 
038 |a SNKBUCL 
040 |a SNKBUCL  |b slo  |c SNKBUCL  |e AACR2 
041 0 |a slo 
044 |a xo  |c SK 
080 |a 630  |x (437.6)  |x (091)  |x (048)  |2 1997 
100 1 |a Kern, Jozef  |4 rev  |9 376249 
245 1 0 |a Doc. Ing. Jozef Konôpka, CSc.: Doterajší vývoj, súčasný stav a náčrt vízie lesníctva na Slovensku  |c [recenzent] Jozef Kern 
650 0 7 |a dejiny lesníctva  |2 snkbucl  |9 74601 
650 0 7 |a lesné hospodárstvo  |x dejiny  |2 snkbucl  |9 534368 
651 7 |a Slovensko  |2 snkbucl  |9 14231 
655 7 |a recenzie  |2 snkbucl  |9 21907 
773 0 |t Les & Slovenské lesokruhy  |g Roč. 62/5, č. september - október (2006), s. 48  |x 1336-9237 
787 0 8 |i Rec.:  |a Konôpka, Jozef  |t Doterajší vývoj, súčasný stav a náčrt vízie lesníctva na Slovensku  |d Zvolen : Národné lesnícke centrum, 2006  |z 8088853966 
850 |a Slovenská národná knižnica 
852 |a Slovenská národná knižnica 
954 |a odborná, vedecká literatúra pôvodná (slovenská)  |2 lita 
958 |a ONDV 
958 |a article2022 
958 |a SK 
958 |a RC 
999 |c 3000477  |d 3002407